000 00375nam a2200133Ia 4500
008 150202s9999 xx 000 0 und d
020 _a446603600
050 _aFIC
_bFIC
100 _aWaller, Robert James.
245 _aPuerto vallarta squeeze /
_cRobert James Waller.
260 _aNew York :
_bWarner Books,
_c1995.
300 _a241 pages :
_c18 cm.
650 _aFiction.
999 _c282462
_d282462